LIBRARY & INFORMATION CENTRE, KCAET, TAVANUR

ONLINE PUBLIC ACCESS CATALOGUE (OPAC)

Applied Thermodynamics for Engineering Technologist (Record no. 19304)

MARC details
000 -LEADER
fixed length control field 00400nam a22001457a 4500
003 - CONTROL NUMBER IDENTIFIER
control field OSt
008 - FIXED-LENGTH DATA ELEMENTS--GENERAL INFORMATION
fixed length control field 250205b |||||||| |||| 00| 0 eng d
041 ## - LANGUAGE CODE
Language code of text/sound track or separate title eng
082 ## - DEWEY DECIMAL CLASSIFICATION NUMBER
Classification number 621.4021
Item number EAS / AP
100 ## - MAIN ENTRY--AUTHOR NAME
Personal name Eastop, TD
245 ## - TITLE STATEMENT
Title Applied Thermodynamics for Engineering Technologist
260 ## - PUBLICATION, DISTRIBUTION, ETC. (IMPRINT)
Place of publication New York:
Name of publisher Lingman Scientific Technical Co,
Year of publication 1989.
700 ## - ADDED ENTRY--PERSONAL NAME
Personal name Conkey, MC
942 ## - ADDED ENTRY ELEMENTS (KOHA)
Koha item type Books
Holdings
Withdrawn status Lost status Damaged status Home library Current library Date acquired Cost, normal purchase price Full call number Accession Number Koha item type
      KAUAET KAUAET 05/02/2025 220.00 621.4021 EAS / AP 17944 Books
free website counter